00676nam a2200217 a 450000100100000000500170001000800410002704100080006810000280007624500740010425000120017826000440019030000110023449000380024565000320028365000280031565000330034365000330037665000190040970000300042800005559420200120223126.0990304s1984 ck gr 000 0 spa d aspa0 aRivera, José Eustasio13aLa vorágine /cJosé Eustasio Rivera ; prólogo Juan Luis Panero. a1a. ed. aBogotá :bCirculo de lectores,c1984. a317 p. 0aJoyas de la literatura Colombiana17aLiteratura colombiana2LEMB27aNovela colombiana2LEMB14aCrítica e interpretación27aHistorias de aventuras2LEMB14aNovela amorosa1 aPanero, Juan Luis,eProl.